<?xml version="1.0" encoding="UTF-8"?>
<collection xmlns="http://www.loc.gov/MARC21/slim">
 <record>
  <leader>01983nam a2200337   4500</leader>
  <controlfield tag="001">000017116</controlfield>
  <controlfield tag="003">13528</controlfield>
  <controlfield tag="005">20130308090313.0</controlfield>
  <controlfield tag="008">130308s2012                           sd</controlfield>
  <datafield tag="082" ind1=" " ind2=" ">
   <subfield code="a">910.133059747</subfield>
   <subfield code="b">NG-H</subfield>
  </datafield>
  <datafield tag="100" ind1="1" ind2=" ">
   <subfield code="a">Nguyễn Thị Hằng</subfield>
  </datafield>
  <datafield tag="245" ind1=" " ind2=" ">
   <subfield code="a">Tiềm năng và thực trạng phát triển du lịch tỉnh Quảng Trị trong xu thế hội nhập</subfield>
   <subfield code="c">Nguyễn Thị Hằng ; Trương Văn Cảnh hướng dẫn</subfield>
   <subfield code="k">Khóa luận tốt nghiệp</subfield>
  </datafield>
  <datafield tag="260" ind1=" " ind2=" ">
   <subfield code="a">Đà Nẵng</subfield>
   <subfield code="b">Đại học Sư phạm, Đại học Đà Nẵng</subfield>
   <subfield code="c">2012</subfield>
  </datafield>
  <datafield tag="300" ind1=" " ind2=" ">
   <subfield code="a">81 tr., phụ lục 5 tr.</subfield>
   <subfield code="b">Bản đồ, hình ảnh mh.</subfield>
   <subfield code="c">29 cm.</subfield>
   <subfield code="e">Đĩa CD</subfield>
  </datafield>
  <datafield tag="500" ind1=" " ind2=" ">
   <subfield code="a">Khóa luận tốt nghiệp đại học. Chuyên ngành: Sư phạm Địa Lý</subfield>
  </datafield>
  <datafield tag="504" ind1=" " ind2=" ">
   <subfield code="a">Mục lục đầu trang, tài liệu tham khảo tr. 73 - 74, phụ lục [13 tr.]</subfield>
  </datafield>
  <datafield tag="520" ind1=" " ind2=" ">
   <subfield code="a">Cơ sở lí luận và thực tiễn về phát triển du lịch trong xu thế hội nhập. Tiềm năng và thực trạng phát triển du lịch tỉnh Quảng Trị trong xu thế hội nhập. Một số định hướng và giải pháp cụ thể nhằm phát triển du lịch tỉnh Quảng Trị trong xu thế hội nhập, đạt hiệu quả cao và bền vững</subfield>
  </datafield>
  <datafield tag="600" ind1="1" ind2="4">
   <subfield code="b">Vua</subfield>
   <subfield code="c">Đinh Tiên Hoàng</subfield>
  </datafield>
  <datafield tag="650" ind1="0" ind2="4">
   <subfield code="a">Địa lý kinh tế du lịch</subfield>
   <subfield code="v">Khóa luận tốt nghiệp</subfield>
   <subfield code="x">Nghiên cứu</subfield>
   <subfield code="z">Quảng Trị</subfield>
  </datafield>
  <datafield tag="653" ind1=" " ind2=" ">
   <subfield code="a">Khoa Địa Lý</subfield>
   <subfield code="a">Các loại hình du lịch</subfield>
   <subfield code="a">Du lịch</subfield>
  </datafield>
  <datafield tag="700" ind1=" " ind2=" ">
   <subfield code="a">Trương Văn Cảnh</subfield>
   <subfield code="e">Hướng dẫn</subfield>
  </datafield>
  <datafield tag="OWN" ind1=" " ind2=" ">
   <subfield code="a">LSP</subfield>
  </datafield>
  <datafield tag="AVA" ind1=" " ind2=" ">
   <subfield code="a">UDN50</subfield>
   <subfield code="b">LSP</subfield>
   <subfield code="d">910.133059747 NG-H</subfield>
   <subfield code="e">available</subfield>
   <subfield code="t">Error 5001 Not defined in file expand_doc_bib_avail.</subfield>
   <subfield code="f">1</subfield>
   <subfield code="g">0</subfield>
   <subfield code="h">N</subfield>
   <subfield code="i">0</subfield>
   <subfield code="k">1</subfield>
  </datafield>
  <datafield tag="999" ind1=" " ind2=" ">
   <subfield code="a">From the UDN01</subfield>
  </datafield>
  <datafield tag="AVA" ind1=" " ind2=" ">
   <subfield code="a">UDN50</subfield>
   <subfield code="b">LSP</subfield>
   <subfield code="d">910.133059747 NG-H</subfield>
   <subfield code="e">available</subfield>
   <subfield code="t">Error 5001 Not defined in file expand_doc_bib_avail.</subfield>
   <subfield code="f">1</subfield>
   <subfield code="g">0</subfield>
   <subfield code="h">N</subfield>
   <subfield code="i">0</subfield>
   <subfield code="k">1</subfield>
  </datafield>
  <datafield tag="TYP" ind1=" " ind2=" ">
   <subfield code="a">Monograph</subfield>
  </datafield>
  <datafield tag="TYP" ind1=" " ind2=" ">
   <subfield code="a">Printed language</subfield>
  </datafield>
  <datafield tag="980" ind1=" " ind2=" ">
   <subfield code="a">Mạng thư viện Đại học Đà Nẵng</subfield>
  </datafield>
 </record>
</collection>
